<?xml version="1.0" encoding="UTF-8"?>
<record
    xmlns:xsi="http://www.w3.org/2001/XMLSchema-instance"
    xsi:schemaLocation="http://www.loc.gov/MARC21/slim http://www.loc.gov/standards/marcxml/schema/MARC21slim.xsd"
    xmlns="http://www.loc.gov/MARC21/slim">

  <leader>00872nam a22002177a 4500</leader>
  <controlfield tag="005">20170529142827.0</controlfield>
  <datafield tag="010" ind1=" " ind2=" ">
    <subfield code="a">1617EN</subfield>
  </datafield>
  <datafield tag="020" ind1=" " ind2=" ">
    <subfield code="a">9789382711643</subfield>
    <subfield code="c">245.00</subfield>
  </datafield>
  <datafield tag="035" ind1=" " ind2=" ">
    <subfield code="a">B-648595-607</subfield>
  </datafield>
  <datafield tag="035" ind1=" " ind2=" ">
    <subfield code="a">B-664765</subfield>
  </datafield>
  <datafield tag="037" ind1=" " ind2=" ">
    <subfield code="a">dpl </subfield>
    <subfield code="b">Star</subfield>
  </datafield>
  <datafield tag="082" ind1=" " ind2=" ">
    <subfield code="a">S</subfield>
  </datafield>
  <datafield tag="100" ind1=" " ind2=" ">
    <subfield code="a">Chowdhury, K.L.</subfield>
  </datafield>
  <datafield tag="245" ind1=" " ind2=" ">
    <subfield code="a">Why don't you convert ? :</subfield>
    <subfield code="c">by K.L. Chowdhury</subfield>
    <subfield code="b">and other short stories / </subfield>
  </datafield>
  <datafield tag="260" ind1=" " ind2=" ">
    <subfield code="a">New Delhi </subfield>
    <subfield code="b">Vitasta</subfield>
    <subfield code="c">2015</subfield>
  </datafield>
  <datafield tag="270" ind1=" " ind2=" ">
    <subfield code="a">2/15, Ansari Road, Darya Ganj, </subfield>
    <subfield code="b">New Delhi </subfield>
    <subfield code="e">110002</subfield>
  </datafield>
  <datafield tag="300" ind1=" " ind2=" ">
    <subfield code="a">263p.</subfield>
    <subfield code="c">19cm(pbk)</subfield>
  </datafield>
  <datafield tag="942" ind1=" " ind2=" ">
    <subfield code="2">ddc</subfield>
    <subfield code="c">EN</subfield>
    <subfield code="m">CHO</subfield>
    <subfield code="h">S</subfield>
  </datafield>
  <datafield tag="999" ind1=" " ind2=" ">
    <subfield code="c">102221</subfield>
    <subfield code="d">102221</subfield>
  </datafield>
  <datafield tag="952" ind1=" " ind2=" ">
    <subfield code="0">0</subfield>
    <subfield code="1">3</subfield>
    <subfield code="4">0</subfield>
    <subfield code="7">0</subfield>
    <subfield code="8">FIC</subfield>
    <subfield code="a">L</subfield>
    <subfield code="b">L</subfield>
    <subfield code="d">2017-03-21</subfield>
    <subfield code="e">BPPD/EN/2016-17/305/24.11.2016/sp/2167/7.12.2016/2.1.2017</subfield>
    <subfield code="g">245.00</subfield>
    <subfield code="l">11</subfield>
    <subfield code="m">3</subfield>
    <subfield code="o">S CHO</subfield>
    <subfield code="p">B-648595</subfield>
    <subfield code="r">2020-02-19 00:00:00</subfield>
    <subfield code="s">2020-02-19</subfield>
    <subfield code="t">1</subfield>
    <subfield code="v">245.00</subfield>
    <subfield code="y">EN</subfield>
  </datafield>
  <datafield tag="952" ind1=" " ind2=" ">
    <subfield code="0">0</subfield>
    <subfield code="1">0</subfield>
    <subfield code="4">0</subfield>
    <subfield code="7">0</subfield>
    <subfield code="8">FIC</subfield>
    <subfield code="a">BL1</subfield>
    <subfield code="b">BL1</subfield>
    <subfield code="d">2017-03-21</subfield>
    <subfield code="e">BPPD/EN/2016-17/305/24.11.2016/sp/2167/7.12.2016/2.1.2017</subfield>
    <subfield code="g">245.00</subfield>
    <subfield code="l">7</subfield>
    <subfield code="m">2</subfield>
    <subfield code="o">S CHO</subfield>
    <subfield code="p">B-648596</subfield>
    <subfield code="r">2022-01-12 00:00:00</subfield>
    <subfield code="s">2021-12-29</subfield>
    <subfield code="t">1</subfield>
    <subfield code="v">245.00</subfield>
    <subfield code="y">EN</subfield>
  </datafield>
  <datafield tag="952" ind1=" " ind2=" ">
    <subfield code="0">0</subfield>
    <subfield code="1">0</subfield>
    <subfield code="4">0</subfield>
    <subfield code="7">0</subfield>
    <subfield code="8">FIC</subfield>
    <subfield code="a">KGM</subfield>
    <subfield code="b">KGM</subfield>
    <subfield code="d">2017-03-21</subfield>
    <subfield code="e">BPPD/EN/2016-17/305/24.11.2016/sp/2167/7.12.2016/2.1.2017</subfield>
    <subfield code="g">245.00</subfield>
    <subfield code="l">0</subfield>
    <subfield code="o">S CHO</subfield>
    <subfield code="p">B-648597</subfield>
    <subfield code="r">2017-03-21 00:00:00</subfield>
    <subfield code="t">1</subfield>
    <subfield code="v">245.00</subfield>
    <subfield code="y">EN</subfield>
  </datafield>
  <datafield tag="952" ind1=" " ind2=" ">
    <subfield code="0">0</subfield>
    <subfield code="1">0</subfield>
    <subfield code="4">0</subfield>
    <subfield code="7">0</subfield>
    <subfield code="8">FIC</subfield>
    <subfield code="a">JP</subfield>
    <subfield code="b">JP</subfield>
    <subfield code="d">2017-03-21</subfield>
    <subfield code="e">BPPD/EN/2016-17/305/24.11.2016/sp/2167/7.12.2016/2.1.2017</subfield>
    <subfield code="g">245.00</subfield>
    <subfield code="l">4</subfield>
    <subfield code="o">S CHO</subfield>
    <subfield code="p">B-648598</subfield>
    <subfield code="r">2021-02-15 00:00:00</subfield>
    <subfield code="s">2019-01-09</subfield>
    <subfield code="t">1</subfield>
    <subfield code="v">245.00</subfield>
    <subfield code="y">EN</subfield>
  </datafield>
  <datafield tag="952" ind1=" " ind2=" ">
    <subfield code="0">0</subfield>
    <subfield code="1">0</subfield>
    <subfield code="4">0</subfield>
    <subfield code="7">0</subfield>
    <subfield code="8">FIC</subfield>
    <subfield code="a">ZLS</subfield>
    <subfield code="b">ZLS</subfield>
    <subfield code="d">2017-03-21</subfield>
    <subfield code="e">BPPD/EN/2016-17/305/24.11.2016/sp/2167/7.12.2016/2.1.2017</subfield>
    <subfield code="g">245.00</subfield>
    <subfield code="l">7</subfield>
    <subfield code="m">3</subfield>
    <subfield code="o">S CHO</subfield>
    <subfield code="p">B-648599</subfield>
    <subfield code="r">2021-01-12 00:00:00</subfield>
    <subfield code="s">2020-12-23</subfield>
    <subfield code="t">1</subfield>
    <subfield code="v">245.00</subfield>
    <subfield code="y">EN</subfield>
  </datafield>
  <datafield tag="952" ind1=" " ind2=" ">
    <subfield code="0">0</subfield>
    <subfield code="1">0</subfield>
    <subfield code="4">0</subfield>
    <subfield code="7">0</subfield>
    <subfield code="8">FIC</subfield>
    <subfield code="a">BN</subfield>
    <subfield code="b">BN</subfield>
    <subfield code="d">2017-03-21</subfield>
    <subfield code="e">BPPD/EN/2016-17/305/24.11.2016/sp/2167/7.12.2016/2.1.2017</subfield>
    <subfield code="g">245.00</subfield>
    <subfield code="l">2</subfield>
    <subfield code="o">S CHO</subfield>
    <subfield code="p">B-648600</subfield>
    <subfield code="r">2023-12-19 00:00:00</subfield>
    <subfield code="s">2023-12-05</subfield>
    <subfield code="t">1</subfield>
    <subfield code="v">245.00</subfield>
    <subfield code="y">EN</subfield>
  </datafield>
  <datafield tag="952" ind1=" " ind2=" ">
    <subfield code="0">0</subfield>
    <subfield code="1">0</subfield>
    <subfield code="4">0</subfield>
    <subfield code="7">0</subfield>
    <subfield code="8">FIC</subfield>
    <subfield code="a">KGM</subfield>
    <subfield code="b">KGM</subfield>
    <subfield code="d">2017-03-21</subfield>
    <subfield code="e">BPPD/EN/2016-17/305/24.11.2016/sp/2167/7.12.2016/2.1.2017</subfield>
    <subfield code="g">245.00</subfield>
    <subfield code="l">2</subfield>
    <subfield code="m">3</subfield>
    <subfield code="o">S CHO</subfield>
    <subfield code="p">B-648601</subfield>
    <subfield code="r">2021-09-16 00:00:00</subfield>
    <subfield code="s">2021-09-10</subfield>
    <subfield code="t">1</subfield>
    <subfield code="v">245.00</subfield>
    <subfield code="y">EN</subfield>
  </datafield>
  <datafield tag="952" ind1=" " ind2=" ">
    <subfield code="0">0</subfield>
    <subfield code="1">0</subfield>
    <subfield code="4">0</subfield>
    <subfield code="7">0</subfield>
    <subfield code="8">FIC</subfield>
    <subfield code="a">BN</subfield>
    <subfield code="b">BN</subfield>
    <subfield code="d">2017-03-21</subfield>
    <subfield code="e">BPPD/EN/2016-17/305/24.11.2016/sp/2167/7.12.2016/2.1.2017</subfield>
    <subfield code="g">245.00</subfield>
    <subfield code="l">2</subfield>
    <subfield code="o">S CHO</subfield>
    <subfield code="p">B-648602</subfield>
    <subfield code="r">2021-08-05 00:00:00</subfield>
    <subfield code="s">2021-07-23</subfield>
    <subfield code="t">1</subfield>
    <subfield code="v">245.00</subfield>
    <subfield code="y">EN</subfield>
  </datafield>
  <datafield tag="952" ind1=" " ind2=" ">
    <subfield code="0">0</subfield>
    <subfield code="1">0</subfield>
    <subfield code="4">0</subfield>
    <subfield code="7">0</subfield>
    <subfield code="8">FIC</subfield>
    <subfield code="a">BL4</subfield>
    <subfield code="b">BL4</subfield>
    <subfield code="d">2017-03-21</subfield>
    <subfield code="e">BPPD/EN/2016-17/305/24.11.2016/sp/2167/7.12.2016/2.1.2017</subfield>
    <subfield code="g">245.00</subfield>
    <subfield code="l">4</subfield>
    <subfield code="o">S CHO</subfield>
    <subfield code="p">B-648603</subfield>
    <subfield code="r">2022-10-06 00:00:00</subfield>
    <subfield code="s">2019-01-14</subfield>
    <subfield code="t">1</subfield>
    <subfield code="v">245.00</subfield>
    <subfield code="y">EN</subfield>
  </datafield>
  <datafield tag="952" ind1=" " ind2=" ">
    <subfield code="0">0</subfield>
    <subfield code="1">0</subfield>
    <subfield code="4">0</subfield>
    <subfield code="7">0</subfield>
    <subfield code="8">FIC</subfield>
    <subfield code="a">YV</subfield>
    <subfield code="b">YV</subfield>
    <subfield code="d">2017-03-21</subfield>
    <subfield code="e">BPPD/EN/2016-17/305/24.11.2016/sp/2167/7.12.2016/2.1.2017</subfield>
    <subfield code="g">245.00</subfield>
    <subfield code="l">5</subfield>
    <subfield code="m">8</subfield>
    <subfield code="o">S CHO</subfield>
    <subfield code="p">B-648604</subfield>
    <subfield code="r">2023-11-29 00:00:00</subfield>
    <subfield code="s">2023-11-16</subfield>
    <subfield code="t">1</subfield>
    <subfield code="v">245.00</subfield>
    <subfield code="y">EN</subfield>
  </datafield>
  <datafield tag="952" ind1=" " ind2=" ">
    <subfield code="0">0</subfield>
    <subfield code="1">0</subfield>
    <subfield code="4">0</subfield>
    <subfield code="7">0</subfield>
    <subfield code="8">FIC</subfield>
    <subfield code="a">RC4</subfield>
    <subfield code="b">RC4</subfield>
    <subfield code="d">2017-03-21</subfield>
    <subfield code="e">BPPD/EN/2016-17/305/24.11.2016/sp/2167/7.12.2016/2.1.2017</subfield>
    <subfield code="g">245.00</subfield>
    <subfield code="l">0</subfield>
    <subfield code="o">S CHO</subfield>
    <subfield code="p">B-648605</subfield>
    <subfield code="r">2017-03-21 00:00:00</subfield>
    <subfield code="t">3</subfield>
    <subfield code="v">245.00</subfield>
    <subfield code="y">EN</subfield>
  </datafield>
  <datafield tag="952" ind1=" " ind2=" ">
    <subfield code="0">0</subfield>
    <subfield code="1">0</subfield>
    <subfield code="4">0</subfield>
    <subfield code="7">0</subfield>
    <subfield code="8">FIC</subfield>
    <subfield code="a">RC4</subfield>
    <subfield code="b">RC4</subfield>
    <subfield code="d">2017-03-21</subfield>
    <subfield code="e">BPPD/EN/2016-17/305/24.11.2016/sp/2167/7.12.2016/2.1.2017</subfield>
    <subfield code="g">245.00</subfield>
    <subfield code="l">0</subfield>
    <subfield code="o">S CHO</subfield>
    <subfield code="p">B-648606</subfield>
    <subfield code="r">2017-03-21 00:00:00</subfield>
    <subfield code="t">3</subfield>
    <subfield code="v">245.00</subfield>
    <subfield code="y">EN</subfield>
  </datafield>
  <datafield tag="952" ind1=" " ind2=" ">
    <subfield code="0">0</subfield>
    <subfield code="1">0</subfield>
    <subfield code="4">0</subfield>
    <subfield code="7">0</subfield>
    <subfield code="8">FIC</subfield>
    <subfield code="a">RC4</subfield>
    <subfield code="b">RC4</subfield>
    <subfield code="d">2017-03-21</subfield>
    <subfield code="e">BPPD/EN/2016-17/305/24.11.2016/sp/2167/7.12.2016/2.1.2017</subfield>
    <subfield code="g">245.00</subfield>
    <subfield code="l">0</subfield>
    <subfield code="o">S CHO</subfield>
    <subfield code="p">B-648607</subfield>
    <subfield code="r">2017-03-21 00:00:00</subfield>
    <subfield code="t">3</subfield>
    <subfield code="v">245.00</subfield>
    <subfield code="y">EN</subfield>
  </datafield>
  <datafield tag="952" ind1=" " ind2=" ">
    <subfield code="0">0</subfield>
    <subfield code="1">0</subfield>
    <subfield code="4">0</subfield>
    <subfield code="7">0</subfield>
    <subfield code="8">FIC</subfield>
    <subfield code="a">AV</subfield>
    <subfield code="b">AV</subfield>
    <subfield code="d">2017-05-29</subfield>
    <subfield code="e">BPPD/EN/2016-17/AV/16-17/471/15.2.2017/SP/2241A/25.2.2017/ 6.3.2017</subfield>
    <subfield code="g">245.00</subfield>
    <subfield code="l">15</subfield>
    <subfield code="m">0</subfield>
    <subfield code="o">S CHO</subfield>
    <subfield code="p">B-664765</subfield>
    <subfield code="r">2025-10-06 00:00:00</subfield>
    <subfield code="s">2025-09-11</subfield>
    <subfield code="t">1</subfield>
    <subfield code="v">245.00</subfield>
    <subfield code="w">2017-05-29</subfield>
    <subfield code="y">EN</subfield>
  </datafield>
</record>
